书目信息 |
| 题名: |
电视传媒运营管理
|
|
| 作者: | 于聚义 著 | |
| 分册: | ||
| 出版信息: | 北京 中国传媒大学出版 2010 |
|
| 页数: | 251页 | |
| 开本: | 24cm | |
| 丛书名: | 传媒产业前沿系列丛书 | |
| 单 册: | ||
| 中图分类: | G229.2 | |
| 科图分类: | ||
| 主题词: | 电视--传播媒介--经济管理--研究--中国 , 电视 , 传播媒介 , 经济管理 | |
| 电子资源: | ||
| ISBN: | 978-7-81127-850-7 | |
| 000 | 01015oam2 2200301 45 | |
| 001 | 1130233984 | |
| 005 | 20110309091333.85 | |
| 010 | @a978-7-81127-850-7@dCNY45.00 | |
| 100 | @a20110122d2010 em y0chiy50 ea | |
| 101 | 0 | @achi |
| 102 | @aCN@b110000 | |
| 105 | @aa z 000yy | |
| 106 | @ar | |
| 200 | 1 | @a电视传媒运营管理@ADian Shi Chuan Mei Yun Ying Guan Li@dTV operation management@f于聚义著@FYu Ju Yi Zhu@zeng |
| 210 | @a北京@c中国传媒大学出版@d2010 | |
| 215 | @a251页@c图@d24cm | |
| 225 | 2 | @a传媒产业前沿系列丛书 |
| 330 | @a本书归纳了电视传媒运营管理“十步法”,从知己知彼方略、运营团队系统,到整合可用资源、掌控多元营销,一一加以阐释与辨析。 | |
| 461 | 0 | @12001 @a传媒产业前沿系列丛书 |
| 510 | 1 | @aTV operation management@zeng |
| 606 | 0 | @a电视@x传播媒介@x经济管理@x研究@y中国 |
| 606 | 0 | @a电视 |
| 606 | 0 | @a传播媒介 |
| 606 | 0 | @a经济管理 |
| 690 | @aG229.2@v4 | |
| 701 | 0 | @a于聚义@AYu Ju Yi@c(电视台记者)@4著 |
| 801 | 0 | @aCN@bTANGWEI@c20110309 |
| 905 | @b0530762-65@dG229.2@e115@f4 | |
| 电视传媒运营管理=TV operation management/于聚义著.-北京:中国传媒大学出版,2010 |
| 251页:图;24cm.-(传媒产业前沿系列丛书) |
| ISBN 978-7-81127-850-7:CNY45.00 |
| 本书归纳了电视传媒运营管理“十步法”,从知己知彼方略、运营团队系统,到整合可用资源、掌控多元营销,一一加以阐释与辨析。 |
| ● |
| 相关链接 |
|
|
|
|
正题名:电视传媒运营管理
索取号:G229.2/115
 
预约/预借
| 序号 | 登录号 | 条形码 | 馆藏地/架位号 | 状态 | 备注 |
| 1 | 0530762 | 205307620 | 第一样本阅览室/ [索取号:G229.2/115] | 在馆 | |
| 2 | 0530763 | 205307639 | 中文系资料室/ [索取号:G229.2/115] | 在馆 | |
| 3 | 0530764 | 205307648 | 第四借阅区/ [索取号:G229.2/115] | 在馆 | |
| 4 | 0530765 | 205307657 | 第四借阅区/ [索取号:G229.2/115] | 在馆 |